[Event "Laujar de Andarax op 1st"]
[Site "Laujar de Andarax"]
[Date "2021.10.09"]
[Round "3"]
[White "Guardia Bencomo, Tomas"]
[Black "Garcia Bellido, Alvaro"]
[Result "0-1"]
[WhiteElo "1603"]
[BlackElo "1638"]
[PlyCount "114"]
[EventDate "2021.10.08"]
[EventType "swiss"]
[EventRounds "7"]
[EventCountry "ESP"]
[SourceTitle "EXT 2023"]
[Source "ChessBase"]
[SourceDate "2022.10.05"]
[SourceVersion "1"]
[SourceVersionDate "2022.10.05"]
[SourceQuality "1"]

1. d4 e6 2. Nc3 d5 3. Bf4 c5 4. e3 a6 5. Nf3 Nc6 6. a3 Nf6 7. h3 b5 8. Ne5 Bb7 9. Be2 c4 10. 0-0 Bd6 11. Bh2 Bxe5 12. dxe5 Nd7 13. f4 Qb6 14. Kh1 Qxe3 15. Bg1 Qg3 16. Bg4 Qh4 17. Nxd5 exd5 18. Bxd7+ Kxd7 19. Qxd5+ Ke8 20. e6 fxe6 21. Qxe6+ Qe7 22. Qf5 g6 23. Qg4 Kf8 24. Rae1 Qf7 25. Bc5+ Kg8 26. f5 Rd8 27. fxg6 Qxg6 28. Qxg6+ hxg6 29. Re6 Kg7 30. Be7 Rhe8 31. Rfe1 Nxe7 32. Rxe7+ Kf8 33. Rxe8+ Rxe8 34. Rf1+ Kg7 35. Rf2 Re3 36. Kh2 a5 37. c3 Be4 38. Kg1 Re1+ 39. Kh2 Bd3 40. Kg3 Re2 41. Rxe2 Bxe2 42. Kf4 Kf6 43. g3 Bf1 44. h4 Be2 45. Ke3 Bd1 46. Kf4 a4 47. Ke4 g5 48. hxg5+ Kxg5 49. Kd5 Kg4 50. Kc5 Kxg3 51. Kxb5 Bb3 52. Kc5 Kf3 53. Kd5 Ke3 54. Ke5 Kd2 55. Kd4 Kc2 56. Ke3 Kxb2 57. Kd2 Bc2 0-1

[Event "Andalucia-ch U08"]
[Site "Huelva"]
[Date "2014.04.26"]
[Round "7.3"]
[White "Perez Segura, Juan"]
[Black "Garcia Bellido, Alvaro"]
[Result "1-0"]
[WhiteElo "1089"]
[BlackElo "1216"]
[PlyCount "42"]
[EventDate "2014.04.25"]
[EventType "swiss"]
[EventRounds "9"]
[EventCountry "ESP"]
[SourceTitle "EXT 2024"]
[Source "ChessBase"]
[SourceDate "2023.10.10"]
[SourceVersion "1"]
[SourceVersionDate "2023.10.10"]
[SourceQuality "1"]

1. e4 e5 2. Nf3 Nc6 3. Bc4 Nd4 4. Nxd4 exd4 5. c3 Bc5 6. cxd4 Bxd4 7. 0-0 Nf6 8. Bd3 0-0 9. Qf3 d6 10. Qg3 Be5 11. Qh4 Be6 12. Nc3 Ng4 13. Qxd8 Raxd8 14. g3 Nf6 15. Be2 Bh3 16. Re1 Bd4 17. d3 Ng4 18. Bxg4 Bxg4 19. Be3 Bxe3 20. fxe3 a6 21. Nd5 c6 1-0

[Event "Andalucia-ch U08"]
[Site "Huelva"]
[Date "2014.04.25"]
[Round "3.1"]
[White "Garcia Bellido, Alvaro"]
[Black "Maldonado Mena, German"]
[Result "1-0"]
[WhiteElo "1216"]
[BlackElo "1097"]
[PlyCount "32"]
[EventDate "2014.04.25"]
[EventType "swiss"]
[EventRounds "9"]
[EventCountry "ESP"]
[SourceTitle "EXT 2024"]
[Source "ChessBase"]
[SourceDate "2023.10.10"]
[SourceVersion "1"]
[SourceVersionDate "2023.10.10"]
[SourceQuality "1"]

1. e4 c5 2. Nf3 d6 3. Bc4 e6 4. 0-0 Nf6 5. Nc3 d5 6. exd5 exd5 7. Bb5+ Nc6 8. Ne5 Qc7 9. Re1 Be7 10. d3 0-0 11. Bxc6 bxc6 12. Bg5 Rd8 13. Bxf6 Bxf6 14. Nf3 c4 15. Qe2 Bg4 16. dxc4 dxc4 1-0